Twitter (Digital Media and Society): book review; European Journal of Communication; Vol. 34, iss. 2

Podrobná bibliografie
Parent link:European Journal of Communication
Vol. 34, iss. 2.— 2019.— [P. 216-219]
Hlavní autor: Fell E. V. Elena Vladimirovna
Korporativní autor: Национальный исследовательский Томский политехнический университет Школа базовой инженерной подготовки Отделение социально-гуманитарных наук
Další autoři: Lukianova N. A. Natalia Aleksandrovna
Shrnutí:Title screen
Режим доступа: по договору с организацией-держателем ресурса
Jazyk:angličtina
Vydáno: 2019
Témata:
On-line přístup:https://doi.org/10.1177/0267323119837842
Médium: MixedMaterials Elektronický zdroj Kapitola
KOHA link:https://koha.lib.tpu.ru/cgi-bin/koha/opac-detail.pl?biblionumber=660637

MARC

LEADER 00000naa0a2200000 4500
001 660637
005 20250404134738.0
035 |a (RuTPU)RU\TPU\network\30353 
090 |a 660637 
100 |a 20190906d2019 k||y0rusy50 ba 
101 0 |a eng 
135 |a drcn ---uucaa 
181 0 |a i  
182 0 |a b 
200 1 |a Twitter (Digital Media and Society)  |e book review  |f E. V. Fell, N. A. Lukianova 
203 |a Text  |c electronic 
300 |a Title screen 
333 |a Режим доступа: по договору с организацией-держателем ресурса 
461 |t European Journal of Communication 
463 |t Vol. 34, iss. 2  |v [P. 216-219]  |d 2019 
610 1 |a электронный ресурс 
610 1 |a труды учёных ТПУ 
610 1 |a коммуникативное пространство 
610 1 |a социальные сети 
610 1 |a контексты 
700 1 |a Fell  |b E. V.  |c specialist in the field of law  |c Associate Professor of Tomsk Polytechnic University  |f 1975-  |g Elena Vladimirovna  |3 (RuTPU)RU\TPU\pers\33614 
701 1 |a Lukianova  |b N. A.  |c specialist in the field of psychology and law  |c Professor of Tomsk Polytechnic University, Doctor of philosophy sciences  |f 1971-  |g Natalia Aleksandrovna  |3 (RuTPU)RU\TPU\pers\33131  |9 16952 
712 0 2 |a Национальный исследовательский Томский политехнический университет  |b Школа базовой инженерной подготовки  |b Отделение социально-гуманитарных наук  |3 (RuTPU)RU\TPU\col\23512 
801 2 |a RU  |b 63413507  |c 20190906  |g RCR 
856 4 |u https://doi.org/10.1177/0267323119837842 
942 |c CF